The dissertation : (Record no. 352240)
[ view plain ]
| 000 -LEADER | |
|---|---|
| fixed length control field | 01305 a2200349 4500 |
| 003 - CONTROL NUMBER IDENTIFIER | |
| control field | OSt |
| 005 - DATE AND TIME OF LATEST TRANSACTION | |
| control field | 20180116192327.0 |
| 008 - FIXED-LENGTH DATA ELEMENTS--GENERAL INFORMATION | |
| fixed length control field | 120410t xxu||||| |||| 00| 0 eng d |
| 010 ## - LIBRARY OF CONGRESS CONTROL NUMBER | |
| LC control number | 2005936282 |
| 020 ## - INTERNATIONAL STANDARD BOOK NUMBER | |
| International Standard Book Number | 0750668253 (pbk.) |
| 020 ## - INTERNATIONAL STANDARD BOOK NUMBER | |
| International Standard Book Number | 9780750668255 |
| 035 ## - SYSTEM CONTROL NUMBER | |
| System control number | (OCoLC)ocm62225542 |
| 040 ## - CATALOGING SOURCE | |
| Transcribing agency | 0 |
| 082 ## - DEWEY DECIMAL CLASSIFICATION NUMBER | |
| Classification number | 808.06672 |
| 100 1# - MAIN ENTRY--PERSONAL NAME | |
| Personal name | Borden, Iain. |
| 9 (RLIN) | 738 |
| 245 14 - TITLE STATEMENT | |
| Title | The dissertation : |
| Remainder of title | an architecture student's handbook / |
| Statement of responsibility, etc. | Iain Borden and Katerina Rüedi Ray. |
| 250 ## - EDITION STATEMENT | |
| Edition statement | 2nd ed. |
| 260 ## - PUBLICATION, DISTRIBUTION, ETC. | |
| Place of publication, distribution, etc. | Amsterdam ; |
| -- | Boston : |
| Name of publisher, distributor, etc. | Architectural Press, |
| Date of publication, distribution, etc. | 2006. |
| 300 ## - PHYSICAL DESCRIPTION | |
| Extent | vii, 330 p. : |
| Other physical details | ill. ; |
| Dimensions | 22 cm. |
| 440 #0 - SERIES STATEMENT/ADDED ENTRY--TITLE | |
| Title | Seriously useful guides-- |
| 9 (RLIN) | 739 |
| 500 ## - GENERAL NOTE | |
| General note | Previous ed.: Oxford: Butterworth-Heinemann, 2000. |
| 500 ## - GENERAL NOTE | |
| General note | Includes index |
| 650 #0 - SUBJECT ADDED ENTRY--TOPICAL TERM | |
| Topical term or geographic name entry element | Architecture |
| General subdivision | Authorship |
| 9 (RLIN) | 740 |
| 650 #0 - SUBJECT ADDED ENTRY--TOPICAL TERM | |
| Topical term or geographic name entry element | Architecture |
| General subdivision | Study and teaching (Graduate) |
| Geographic subdivision | United States |
| 9 (RLIN) | 741 |
| 650 #0 - SUBJECT ADDED ENTRY--TOPICAL TERM | |
| Topical term or geographic name entry element | Architecture |
| General subdivision | Research |
| -- | Methodology |
| 9 (RLIN) | 742 |
| 650 #0 - SUBJECT ADDED ENTRY--TOPICAL TERM | |
| Topical term or geographic name entry element | Dissertations, Academic |
| 9 (RLIN) | 743 |
| 650 #0 - SUBJECT ADDED ENTRY--TOPICAL TERM | |
| Topical term or geographic name entry element | Dissertations, Academic |
| General subdivision | Abstracts. |
| 9 (RLIN) | 744 |
| 700 1# - ADDED ENTRY--PERSONAL NAME | |
| Personal name | Rüedi, Katerina. |
| 9 (RLIN) | 745 |
| 856 42 - ELECTRONIC LOCATION AND ACCESS | |
| Materials specified | Publisher description |
| Uniform Resource Identifier | <a href="http://www.loc.gov/catdir/enhancements/fy0661/2005936282-d.html">http://www.loc.gov/catdir/enhancements/fy0661/2005936282-d.html</a> |
| 942 ## - ADDED ENTRY ELEMENTS (KOHA) | |
| Institution code [OBSOLETE] | SADA |
| Koha item type | Book |
| Call number prefix | 808.06672 BOR 2006 |
| Source of classification or shelving scheme | |
| Withdrawn status | Lost status | Source of classification or shelving scheme | Damaged status | Not for loan | Permanent Location | Current Location | Date acquired | Total Checkouts | Full call number | Barcode | Date last seen | Copy number | Cost, replacement price | Price effective from | Koha item type |
|---|---|---|---|---|---|---|---|---|---|---|---|---|---|---|---|
| School of Art Design and Architecture (SADA) | School of Art Design and Architecture (SADA) | 10/04/2010 | 808.06672 BOR 2006 | SADA0000323 | 08/05/2011 | 1 | 2259.00 | 08/05/2011 | Book | ||||||
| School of Art Design and Architecture (SADA) | School of Art Design and Architecture (SADA) | 02/25/2014 | 808.06672 BOR 2006 | SADA0002232 | 02/27/2014 | 2 | 02/27/2014 | Book | |||||||
| School of Art Design and Architecture (SADA) | School of Art Design and Architecture (SADA) | 02/25/2014 | 808.06672 BOR 2006 | SADA0002233 | 02/27/2014 | 3 | 02/27/2014 | Book | |||||||
| School of Art Design and Architecture (SADA) | School of Art Design and Architecture (SADA) | 02/25/2014 | 808.06672 BOR 2006 | SADA0002234 | 02/27/2014 | 4 | 02/27/2014 | Book | |||||||
| School of Art Design and Architecture (SADA) | School of Art Design and Architecture (SADA) | 02/25/2014 | 808.06672 BOR 2006 | SADA0002235 | 02/27/2014 | 5 | 02/27/2014 | Book | |||||||
| School of Art Design and Architecture (SADA) | School of Art Design and Architecture (SADA) | 02/25/2014 | 808.06672 BOR 2006 | SADA0002236 | 02/27/2014 | 6 | 02/27/2014 | Book |
